000 00693nam a2200289Ia 4500
005 20260324122628.0
008 008 260324s9999 xx 000 0 eng d
020 _a9780203085134
037 _aEBOOK
040 _aCRL
040 _beng
040 _cCRL
041 _2eng
041 _aeng
084 _qCRL
100 _aAndrew Wright
_91167193
245 0 _aChristianity and Critical Realism
245 0 _bAmbiguity, Truth and Theological Literacy
260 _bTaylor and Francis
260 _c2013
365 _a
365 _b240
856 _uhttp://www.taylorfrancis.com/books/9780203085134
942 _cEBOOK
999 _c1760078
_d1760078